Companies in bid for Iraq contracts (Record no. 116948)

MARC details
000 -LEADER
fixed length control field 01009cam a2200241 4500
001 - CONTROL NUMBER
control field WB4003-02
008 - FIXED-LENGTH DATA ELEMENTS--GENERAL INFORMATION
fixed length control field 040119n2004 000 0 eng u
035 ## - SYSTEM CONTROL NUMBER
System control number (Sirsi) u124870
245 ## - TITLE STATEMENT
Title Companies in bid for Iraq contracts
260 ## - PUBLICATION, DISTRIBUTION, ETC.
Date of publication, distribution, etc. 2004
490 ## - SERIES STATEMENT
Series statement UK Trade and Investment Press Release
Volume/sequential designation (PN2004/01/007) 16 January 2004 (3)
520 ## - SUMMARY, ETC.
Summary, etc. The Prime Minister's Special Representative for Trade and Reconstruction, will lead a delegation of about 100 British companies, at Rebuild Iraq exhibition at Mishref, Kuwait, from 19-23 January 2004. The exhibition is the largest in the Middle East focused on the reconstruction of Iraq. http://www.gnn.gov.uk/gnn/national.nsf/Daily+News/ DB724799226A87EE80256E1D0060B4BF?opendocument.
590 ## - LOCAL NOTE (RLIN)
Local note WB
590 ## - LOCAL NOTE (RLIN)
Local note WB
650 ## - SUBJECT ADDED ENTRY--TOPICAL TERM
Topical term or geographic name entry element IRAQ
650 ## - SUBJECT ADDED ENTRY--TOPICAL TERM
Topical term or geographic name entry element RECONSTRUCTION
650 ## - SUBJECT ADDED ENTRY--TOPICAL TERM
Topical term or geographic name entry element BRITISH COMPANIES
650 ## - SUBJECT ADDED ENTRY--TOPICAL TERM
Topical term or geographic name entry element MIDDLE EAST
650 ## - SUBJECT ADDED ENTRY--TOPICAL TERM
Topical term or geographic name entry element EXHIBITIONS
650 ## - SUBJECT ADDED ENTRY--TOPICAL TERM
Topical term or geographic name entry element CONSTRUCTION INDUSTRY
690 ## - LOCAL SUBJECT ADDED ENTRY--TOPICAL TERM (OCLC, RLIN)
Topical term or geographic name as entry element BUILDING AND CONSTRUCTION
942 ## - ADDED ENTRY ELEMENTS (KOHA)
Suppress in OPAC 0
Holdings
Withdrawn status Lost status Source of classification or shelving scheme Damaged status Not for loan Home library Current library Shelving location Date acquired Total Checkouts Full call number Barcode Date last seen Copy number Price effective from Koha item type
    Dewey Decimal Classification     London London News article 19/01/2004   WB4003-02 124870-1001 06/08/2019 1 06/08/2019 News article